书目信息 |
| 题名: |
可靠性工程
|
|
| 作者: | 肖德辉 编著 | |
| 分册: | ||
| 出版信息: | 北京 宇航出版社 1985 |
|
| 页数: | 405页 | |
| 开本: | 26cm | |
| 丛书名: | ||
| 单 册: | ||
| 中图分类: | TB114.3 | |
| 科图分类: | ||
| 主题词: | 可靠性工程 | |
| 电子资源: | ||
| ISBN: | 15244.0051 | |
| 000 | 00614nam0 2200229 450 | |
| 001 | 0185006737 | |
| 005 | 20100712221141.0 | |
| 010 | @a15244.0051@dCNY4.20 | |
| 091 | @a15244.0051 | |
| 100 | @a19900921d1985 emky0chiy0110 ea | |
| 101 | 0 | @achi |
| 102 | @aCN@b110000 | |
| 105 | @ay z 000yy | |
| 106 | @ar | |
| 200 | 1 | @a可靠性工程@9Ke Kao Xing Gong Cheng @f肖德辉编著 |
| 210 | @a北京@c宇航出版社@d1985 | |
| 215 | @a405页@d26cm | |
| 606 | 0 | @a可靠性工程 |
| 690 | @aTB114.3@v3 | |
| 701 | 0 | @a肖德辉@9xiao de hui@c(女@f1933.4~)@4编著 |
| 801 | 0 | @aCN@bAzMarc@c20130904 |
| 905 | @aBZT@dTB114.3@e2@f2@sTB114.3/2 | |
| 可靠性工程/肖德辉编著.-北京:宇航出版社,1985 |
| 405页;26cm |
| ISBN 15244.0051:CNY4.20 |
| ● |
| 相关链接 |
|
|
|
正题名:可靠性工程
索取号:TB114.3/2
 
预约/预借
| 序号 | 登录号 | 条形码 | 馆藏地/架位号 | 状态 | 备注 |
| 1 | 2000144617 | 2000144617 | 旧书回溯/ [索取号:TB114.3/2] | 在馆 | |
| 2 | 2000144618 | 2000144618 | 旧书回溯/ [索取号:TB114.3/2] | 在馆 |